NAJDROŻSI PIŁKARZE ŚWIATA 2023! - Statystyki

Ogólne statystyki
  • Ten quiz został rozwiązany 2 726 razy
  • Średni wynik to 33 z 101
Statystyki odpowiedzi
WARTOŚĆ NARODOWOŚĆ POZYCJA NAZWISKO % Poprawnych
180,00 MLN € FRANCJA NAPASTNIK MBAPPE
98%
170,00 MLN € NORWEGIA NAPASTNIK HAALAND
95%
120,00 MLN € ANGLIA POMOCNIK BELLINGHAM
81%
90,00 MLN € ANGLIA NAPASTNIK KANE
77%
120,00 MLN € BRAZYLIA NAPASTNIK VINICIUS
73%
100,00 MLN € HISZPANIA POMOCNIK PEDRI
70%
90,00 MLN € HISZPANIA POMOCNIK GAVI
69%
110,00 MLN € NIEMCY POMOCNIK MUSIALA
69%
70,00 MLN € BRAZYLIA NAPASTNIK NEYMAR
68%
110,00 MLN € ANGLIA NAPASTNIK FODEN
59%
100,00 MLN € URUGWAJ POMOCNIK VALVERDE
59%
110,00 MLN € ANGLIA POMOCNIK SAKA
53%
50,00 MLN € KOREA POŁUDNIOWA OBROŃCA KIM
52%
80,00 MLN € BRAZYLIA NAPASTNIK RODRYGO
49%
100,00 MLN € NIGERIA NAPASTNIK OSIMHEN
48%
70,00 MLN € EGIPT NAPASTNIK SALAH
48%
80,00 MLN € BELGIA POMOCNIK DE BRUYNE
47%
80,00 MLN € ARGENTYNA NAPASTNIK MARTINEZ
44%
50,00 MLN € ARGENTYNA OBROŃCA MARTINEZ
44%
60,00 MLN € KOREA POŁUDNIOWA NAPASTNIK SON
44%
80,00 MLN € HISZPANIA POMOCNIK RODRI
42%
80,00 MLN € NIEMCY POMOCNIK KIMMICH
41%
80,00 MLN € NORWEGIA POMOCNIK ODEGAARD
41%
60,00 MLN € FRANCJA POMOCNIK CAMAVINGA
40%
80,00 MLN € ANGLIA POMOCNIK RICE
40%
70,00 MLN € KANADA OBROŃCA DAVIES
38%
70,00 MLN € MAROKO OBROŃCA HAKIMI
38%
75,00 MLN € PORTUGALIA OBROŃCA DIAS
37%
70,00 MLN € URUGWAJ NAPASTNIK NUNEZ
37%
80,00 MLN € PORTUGALIA POMOCNIK SILVA
37%
70,00 MLN € ANGLIA NAPASTNIK GREALISH
36%
80,00 MLN € PORTUGALIA NAPASTNIK LEAO
36%
80,00 MLN € ANGLIA NAPASTNIK RASHFORD
36%
90,00 MLN € FRANCJA POMOCNIK TCHOUAMENI
36%
50,00 MLN € AUSTRIA OBROŃCA ALABA
35%
85,00 MLN € ARGENTYNA POMOCNIK FERNANDEZ
35%
75,00 MLN € CHORWACJA OBROŃCA GVARDIOL
35%
70,00 MLN € URUGWAJ OBROŃCA ARAUJO
34%
60,00 MLN € FRANCJA NAPASTNIK DEMBELE
34%
75,00 MLN € PORTUGALIA POMOCNIK FERNANDES
33%
75,00 MLN € SERBIA NAPASTNIK VLAHOVIC
33%
60,00 MLN € HOLANDIA POMOCNIK DE JONG
32%
50,00 MLN € WŁOCHY BRAMKARZ DONNARUMMA
32%
75,00 MLN € BRAZYLIA NAPASTNIK JESUS
32%
70,00 MLN € NIEMCY NAPASTNIK SANE
31%
50,00 MLN € ARGENTYNA NAPASTNIK ALVAREZ
30%
70,00 MLN € WŁOCHY POMOCNIK BARELLA
30%
60,00 MLN € BELGIA BRAMKARZ COURTOIS
30%
85,00 MLN € NIEMCY POMOCNIK WIRTZ
30%
65,00 MLN € FRANCJA NAPASTNIK KOLO MUANI
29%
85,00 MLN € GRUZJA NAPASTNIK KVARATSKHELIA
29%
70,00 MLN € BRAZYLIA OBROŃCA MILITAO
29%
60,00 MLN € UKRAINA NAPASTNIK MUDRYK
29%
55,00 MLN € BRAZYLIA NAPASTNIK RICHARLISON
29%
75,00 MLN € KOLUMBIA NAPASTNIK DIAZ
28%
50,00 MLN € PORTUGALIA NAPASTNIK FELIX
27%
65,00 MLN € NIEMCY POMOCNIK GORETZKA
27%
60,00 MLN € NIEMCY POMOCNIK HAVERTZ
27%
75,00 MLN € HOLANDIA OBROŃCA DE LIGT
26%
60,00 MLN € PORTUGALIA OBROŃCA CANCELO
25%
50,00 MLN € BRAZYLIA POMOCNIK CASEMIRO
25%
60,00 MLN € KANADA NAPASTNIK DAVID
25%
60,00 MLN € FRANCJA OBROŃCA HERNANDEZ
25%
50,00 MLN € FRANCJA OBROŃCA HERNANDEZ
25%
50,00 MLN € SZWECJA NAPASTNIK ISAK
25%
60,00 MLN € FRANCJA OBROŃCA KOUNDE
25%
65,00 MLN € FRANCJA NAPASTNIK COMAN
23%
55,00 MLN € NIEMCY NAPASTNIK GNABRY
23%
60,00 MLN € ANGLIA NAPASTNIK STERLING
22%
65,00 MLN € ANGLIA OBROŃCA ALEXANDER-ARNOLD
20%
60,00 MLN € HOLANDIA NAPASTNIK GAKPO
20%
70,00 MLN € BRAZYLIA OBROŃCA MARQUINHOS
20%
70,00 MLN € BRAZYLIA NAPASTNIK MARTINELLI
20%
60,00 MLN € SŁOWACJA OBROŃCA SKRINIAR
20%
60,00 MLN € FRANCJA OBROŃCA UPAMECANO
20%
50,00 MLN € WŁOCHY NAPASTNIK CHIESA
19%
65,00 MLN € ANGLIA POMOCNIK MOUNT
19%
55,00 MLN € ANGLIA NAPASTNIK SANCHO
19%
70,00 MLN € BRAZYLIA NAPASTNIK ANTONY
18%
80,00 MLN € FRANCJA NAPASTNIK NKUNKU
18%
50,00 MLN € BRAZYLIA NAPASTNIK RAPHINHA
18%
55,00 MLN € FRANCJA OBROŃCA SALIBA
18%
55,00 MLN € EKWADOR POMOCNIK CAICEDO
17%
60,00 MLN € SERBIA POMOCNIK MILINKOVIC-SAVIC
17%
50,00 MLN € WŁOCHY POMOCNIK VERRATTI
17%
70,00 MLN € ANGLIA OBROŃCA JAMES
15%
55,00 MLN € PORTUGALIA NAPASTNIK JOTA
15%
55,00 MLN € WŁOCHY OBROŃCA BASTONI
14%
55,00 MLN € SZWECJA NAPASTNIK KULUSEVSKI
14%
60,00 MLN € ARGENTYNA OBROŃCA ROMERO
14%
50,00 MLN € BRAZYLIA OBROŃCA GABRIEL
13%
55,00 MLN € ANGLIA POMOCNIK MADDISON
12%
65,00 MLN € PORTUGALIA OBROŃCA MENDES
12%
50,00 MLN € WŁOCHY POMOCNIK TONALI
12%
60,00 MLN € BRAZYLIA POMOCNIK GUIMARAES
11%
65,00 MLN € FRANCJA OBROŃCA FOFANA
10%
50,00 MLN € FRANCJA NAPASTNIK DIABY
9%
50,00 MLN € ANGLIA OBROŃCA WHITE
8%
50,00 MLN € ANGLIA NAPASTNIK TONEY
7%
50,00 MLN € HISZPANIA NAPASTNIK OYARZABAL
6%
50,00 MLN € HISZPANIA POMOCNIK MERINO
5%
Nie znaleziono quizów pasujących do podanych kryteriów
Rozkład punktacji
Procent ludzi z każdym wynikiem
Percentyl według liczby udzielonych odpowiedzi
Twoja historia wyników
Nie rozwiązałeś tego quizu